History Quiz

Random History or Art Quiz

Hand-Drawn History VII Quiz Stats

 Plays Quiz Updated Jul 24, 2017

Support Sporcle.
Go Orange.
Score 0/30 Timer 08:00
10 Plays Today
% Correct
Sigmund Freud publishes 'The Interpretation of Dreams'
96.7%
Margaret Thatcher becomes Prime Minister of the UK
95.3%
Tea is introduced to England
95.2%
The Panama Canal opens
93.3%
Michelangelo completes 'David'
91.9%
The Statue of Liberty arrives in New York
91.6%
Osama Bin Laden is assassinated
87.4%
The United Kingdom votes to leave the European Union
86.6%
Transportation of convicts to Australia begins
84.2%
Orson Welles broadcasts 'The War of the Worlds'
83.7%
English pirate 'Blackbeard' terrorises the Spanish Main
82.4%
Sparta fights Athens during the Peloponnesian War
81%
Vlad the Impaler reigns in Wallachia
80.2%
The Yorkists rout the Lancastrians at Towton during the Wars of the Roses
78.3%
Dante Alighieri writes 'The Divine Comedy'
75%
% Correct
Neville Chamberlain signs the Munich Agreement
74.8%
The temple complex called Angkor Wat is built
72.3%
Julius Caesar invades Britain
59.4%
Boer settlers in South Africa undertake the Great Trek
57.4%
Haile Selassie reigns as emperor of Ethiopia
57.2%
Guru Nanak founds the Sikh religion
53.2%
The Continental Army winters at Valley Forge
46.7%
The Pied Piper visits Hamelin
45.8%
Yoritomo becomes the first shogun
45.7%
Richard Wagner's 'Ring Cycle' premieres
45.4%
Hammurabi, King of Babylon enacts his code of laws
44.3%
Dido founds Carthage
27.7%
Michael Collins is killed in an ambush at Béal na Bláth
26.9%
The Royal Navy bombards Fort McHenry
26.7%
The Olmec civilization constructs their colossal heads
21.2%

You're not logged in!

Compare scores with friends on all Sporcle quizzes.
OR
Log In
Forgot?

From the Vault

Such Variety!

by Purple_Parrot

Variety really is the spice of life.
Remove Ads.
Support Sporcle.
Get the best of Sporcle when you Go Orange. This ad-free experience offers more features, more stats, and more fun while also helping to support Sporcle. Thank you for becoming a member.

Show Comments

Extras

Top Quizzes Today


Score Distribution

Your Account Isn't Verified!

In order to create a playlist on Sporcle, you need to verify the email address you used during registration. Go to your Sporcle Settings to finish the process.

Report this User

Report this user for behavior that violates our Community Guidelines.

Details: